000 01379cam a2200313 i 4500
003 SA-RiAUC
005 20241104154100.0
008 241103s2003 le g 000 0 ara c
040 _aJO-AmJU
_bara
_cSA-RiAUC
_erda
082 0 4 _a258.3
090 _a258.3
_bز ك ر
100 1 _aزكريا الأنصاري، زكريا بن محمد بن أحمد،
_d823-926 هجري
_eمؤلف.
245 1 0 _aتحرير تنقيح اللباب في فقه الإمام الشافعي /
_cأبو يحيى زكريا بن محمد الأنصاري ؛ تحقيق عبد الرؤوف الكمالي.
260 _aالطبعة الاولى.
264 1 _aبيروت :
_bدار البشائر،
_c2003
300 _a192 صفحة.
336 _aنص
_btxt
_2rdacontent
_3كتاب
337 _aبدون وسيط
_bn
_2rdamedia
338 _aمجلد
_bnc
_2rdacarrier
440 0 _aدفائن الخزائن
_v5
650 7 _aالفقه الشافعي
_2aucsh
650 7 _aالعبادات (فقه إسلامي)
_2aucsh
650 7 _aالمعاملات (فقه إسلامي)
_2aucsh
700 1 2 _aابن العراقي، أحمد بن عبد الرحيم بن الحسين،
_d762-826 هجري
700 1 _aالكمالي، عبد الرؤوف محمد أحمد
_eمحقق.
740 0 2 _aتنقيح اللباب.
942 _2ddc
_cBOOK
_n0
949 _aSA-JeALM
_d241103
_umohamedma123
_n1
999 _c2074
_d2074